| 000 | 00627 a2200181 4500 | ||
|---|---|---|---|
| 999 |
_c8221 _d8221 |
||
| 010 | _aENG-88363 | ||
| 020 |
_c700.00 _a8178271540 |
||
| 035 | _aEN-71896 | ||
| 037 | _bDBAD / PUB | ||
| 082 | 0 | 0 | _a954.61 |
| 245 | 1 | 0 |
_aPeople's power in Nepal / _cedited by R.K.Vishwakarma |
| 260 |
_aNew Delhi _bManak Publications _c2006 |
||
| 270 |
_aB-7, Saraswati Complex, Subhash Chowk, Laxmi Nagar, _bNew Delhi _e110092 _k91-11-22453894, 91-11-22042529 _minfo@manakpublications.com |
||
| 300 |
_axxv, 298 p. _c23cm (Hb) |
||
| 500 | _aIncludes index | ||
| 700 | 1 | _aVishwakarma, R. K. | |
| 942 |
_adpl _cEN _2ddc _h954.61 _mVIS |
||